Fonologia a štúdium slovenčiny

Bibliographic Details
Main Author: Novák, Ľudovít, 1908-1992 (Author)
Format: Book
Language:Slovak
PhysicalDescription:38 strán 24 cm
Published: Turčianskom Svätom Martine Matica slovenská 1934
Series:Spisy Jazykového odboru Matice slovenskej v Turčianskom Sv. Martine
Subjects:

MARC

LEADER 00000cam a2200000 a 4500
001 vtls008387879
003 SK-MaSNL
005 20260302041710.0
008 250916s1934 xo frn2 000 0 slo
015 |a SNBA19191938-008100 
020 |q (brožované) 
035 |a SK01SNKBSKHR20010080096 
035 |a SKM000082559 
040 |a SNK  |b slo  |c SNK  |e AACR2 
041 0 |a slo 
044 |a xo  |c SK 
072 7 |a 811.162.4  |x Slovenčina  |2 konspekt 
072 7 |a 81  |x Lingvistika. Jazyky  |2 konspekt 
080 |a 811.162.4'271.12  |2 2011 
080 |a 37.091.3  |2 2011 
080 |a 81`344  |2 2011 
080 |a (048.8)  |2 2011 
080 |a (04)  |2 2011 
100 1 |a Novák, Ľudovít,  |d 1908-1992  |4 aut  |9 108472 
245 1 0 |a Fonologia a štúdium slovenčiny  |c Ľudovít Novák 
246 1 |i Správny názov:  |a Fonológia a štúdium slovenčiny 
260 |a Turčianskom Svätom Martine  |b Matica slovenská  |c 1934 
300 |a 38 strán  |c 24 cm 
366 |e 300 kusov 
490 1 |a Spisy Jazykového odboru Matice slovenskej v Turčianskom Sv. Martine  |v sv. 2 
500 |a Odtlačok z II. ročníka Slovenskej reči 
504 |a Obsahuje bibliografické odkazy 
650 0 7 |a spisovná slovenčina  |2 SNKPH  |9 66941 
650 0 7 |a fonológia  |2 SNKPH  |9 864 
650 0 7 |a štúdium a výučba  |2 SNKPH  |9 3982 
655 7 |a štúdie  |2 SNKPH  |9 57033 
655 7 |a separáty  |2 SNKPH  |9 70334 
752 |a Slovensko  |d Martin 
830 0 |a Spisy Jazykového odboru Matice slovenskej v Turčianskom Sv. Martine  |9 309226 
852 |a Slovenská národná knižnica 
954 |a odborná, vedecká literatúra pôvodná (slovenská)  |2 lita 
958 |a EUIPO 
958 |a RK 
958 |a TL 
958 |a NB 
958 |a OND 
999 |c 1079877  |d 1081807 
952 |a SNK  |b SNK  |y VYP  |7 0  |p 17A0568080  |o snkSC 1812/2 D1  |i snkKSF 2377/57  |8 5  |0 0  |1 0  |4 0  |d 2007-12-28  |l 0  |r 2026-02-24 16:22:26  |w 2026-02-24 
952 |a SNK  |b SNK  |y PREZ  |7 0  |p 17A0727256  |o snkSC 1812/2  |i snk3227/44  |0 0  |1 0  |4 0  |d 2011-11-22  |l 0  |r 2025-06-11 00:00:00  |w 2026-02-24